000 00435nam a2200181Ia 4500
001 1590
005 20260306143739.0
008 260306t2011||||xx |||||||||||||| ||spa||
041 _aESP
082 _a153
_bE66
100 _aFonseca, Agustín
_eAUT
245 0 _aEntrena tu mente en 3 semanas:
_bnivel básico
260 _c2011
300 _a367 páginas :
_c25 cm.
650 _aGEN
654 _aCPS
942 _cLIB
_dJUS
_fJUS
_2ddc
_n
999 _c1590
_d1590